000 00420nam a22001697a 4500
005 20180728150526.0
008 160621b xxu||||| |||| 00| 0 eng d
020 _a978-81-203-3545-5
041 _aeng
082 _b8739
_a658.3
100 _aHenry Paul and others
_92392
245 _aManagement of organizational Behaviour
260 _bPHI
_anew delhi
300 _a325p,
650 _aManagement
_9241
942 _cBK
999 _c3382
_d3381